<?xml version="1.0" encoding="UTF-8"?>
<record
    xmlns:xsi="http://www.w3.org/2001/XMLSchema-instance"
    xsi:schemaLocation="http://www.loc.gov/MARC21/slim http://www.loc.gov/standards/marcxml/schema/MARC21slim.xsd"
    xmlns="http://www.loc.gov/MARC21/slim">

  <leader>01567nam a2200289Ia 4500</leader>
  <controlfield tag="003">OSt</controlfield>
  <controlfield tag="005">20201028195326.0</controlfield>
  <controlfield tag="008">191128s2016    ck a   gr     000 0 spa d</controlfield>
  <datafield tag="020" ind1=" " ind2=" ">
    <subfield code="a">160738017X</subfield>
  </datafield>
  <datafield tag="040" ind1=" " ind2=" ">
    <subfield code="a">CO-JMCR</subfield>
    <subfield code="c">CO-JMCR</subfield>
  </datafield>
  <datafield tag="041" ind1="1" ind2=" ">
    <subfield code="a">spa</subfield>
    <subfield code="h">eng</subfield>
  </datafield>
  <datafield tag="082" ind1="0" ind2="4">
    <subfield code="a">658.4092 /</subfield>
    <subfield code="b">P363r</subfield>
    <subfield code="2">23</subfield>
  </datafield>
  <datafield tag="100" ind1="1" ind2=" ">
    <subfield code="a">Pease, Allan, </subfield>
    <subfield code="e">autor</subfield>
    <subfield code="9">12147</subfield>
  </datafield>
  <datafield tag="245" ind1="1" ind2="3">
    <subfield code="a">La respuesta est&#xE1; en las preguntas : </subfield>
    <subfield code="b">obtenga resultados positivos con todos los prospectos de su negocio en red /</subfield>
    <subfield code="c">Allan Pease ; [traducci&#xF3;n y correcci&#xF3;n de estilo, Diana Catalina Hern&#xE1;ndez]</subfield>
  </datafield>
  <datafield tag="250" ind1=" " ind2=" ">
    <subfield code="a">Primera edici&#xF3;n</subfield>
  </datafield>
  <datafield tag="260" ind1=" " ind2=" ">
    <subfield code="a">Bogot&#xE1; : </subfield>
    <subfield code="b">Taller del &#xC9;xito, </subfield>
    <subfield code="c">2016</subfield>
  </datafield>
  <datafield tag="300" ind1=" " ind2=" ">
    <subfield code="a">166 p&#xE1;ginas : </subfield>
    <subfield code="b">ilustraciones a blanco y negro ; </subfield>
    <subfield code="c">22 cm.</subfield>
  </datafield>
  <datafield tag="500" ind1=" " ind2=" ">
    <subfield code="a"> "M&#xE1;s de un mill&#xF3;n de ejemplares vendidos en 27 idiomas"--Tapa</subfield>
  </datafield>
  <datafield tag="505" ind1="0" ind2=" ">
    <subfield code="a">El primer paso -- C&#xF3;mo conseguir el "s&#xED;" -- 6 habilidades estrat&#xE9;gicas para hacer presentaciones impactantes -- 6 fabulosas t&#xE9;cnicas para causar una impresi&#xF3;n positiva -- Lenguaje corporal: C&#xF3;mo leerlo -- Lenguaje corporal positivo</subfield>
  </datafield>
  <datafield tag="520" ind1="3" ind2=" ">
    <subfield code="a">"La respuesta est&#xE1; en las preguntas" es un libro transformador y revelador, escrito en lenguaje sencillo, ameno y f&#xE1;cil de entender: le aporta al lector dos elementos fundamentales: un sistema revolucionario para conseguir un "S&#xCD;"</subfield>
  </datafield>
  <datafield tag="534" ind1=" " ind2=" ">
    <subfield code="p">T&#xED;tulo original: Questions are the answers
</subfield>
  </datafield>
  <datafield tag="546" ind1=" " ind2=" ">
    <subfield code="a">Traducido del ingl&#xE9;s</subfield>
  </datafield>
  <datafield tag="650" ind1="1" ind2="4">
    <subfield code="a">&#xC9;xito en los negocios </subfield>
    <subfield code="9">605</subfield>
  </datafield>
  <datafield tag="650" ind1="2" ind2="4">
    <subfield code="a">Aptitud creadora en los negocios</subfield>
    <subfield code="9">5746</subfield>
  </datafield>
  <datafield tag="700" ind1=" " ind2=" ">
    <subfield code="a">Hern&#xE1;ndez, Diana Catalina, </subfield>
    <subfield code="e">traductora</subfield>
    <subfield code="9">12148</subfield>
  </datafield>
  <datafield tag="942" ind1=" " ind2=" ">
    <subfield code="2">ddc</subfield>
    <subfield code="c">BK</subfield>
  </datafield>
  <datafield tag="999" ind1=" " ind2=" ">
    <subfield code="c">4274</subfield>
    <subfield code="d">4274</subfield>
  </datafield>
  <datafield tag="952" ind1=" " ind2=" ">
    <subfield code="0">0</subfield>
    <subfield code="1">0</subfield>
    <subfield code="2">ddc</subfield>
    <subfield code="4">0</subfield>
    <subfield code="7">0</subfield>
    <subfield code="8">NFIC</subfield>
    <subfield code="a">CPL</subfield>
    <subfield code="b">CPL</subfield>
    <subfield code="d">2017-12-01</subfield>
    <subfield code="e">Donaci&#xF3;n</subfield>
    <subfield code="l">4</subfield>
    <subfield code="o">658.4092 / P363r </subfield>
    <subfield code="p">201809109</subfield>
    <subfield code="r">2025-07-29 08:53:41</subfield>
    <subfield code="s">2025-07-28</subfield>
    <subfield code="t">Ej.1</subfield>
    <subfield code="y">BK</subfield>
  </datafield>
</record>
